000 00467nam a2200169 a 4500
001 6581
003 CO-ViMGA
008 141112s2004 ck r 000 u spa d
040 _aCO-ViMGA
_bspa
_cCO-ViMGA
082 0 4 _a658.406 S645c
100 1 _aSpilzinger, Alfredo L
_95433
245 1 0 _aCómo recrear sus empresa :
_by salir del laberinto
260 _aBarcelona :
_bGranica,
_c1994
300 _a326 p
650 1 4 _aEMPRESAS - ORGANIZACION
_949952
942 _2ddc
_cBK
999 _c18551
_d18551